|
|
|
|
| LEADER |
00000cam a2200000 7i4500 |
| 001 |
0000005134 |
| 005 |
20040428093000.0 |
| 008 |
021118s1981 |
| 020 |
|
|
|a 0256024669
|
| 090 |
0 |
0 |
|a HF5635
|b .P92
|
| 100 |
0 |
|
|a Pyle, William W. ,
|e author
|
| 245 |
1 |
0 |
|a Working papers for use with Fundamental accounting principles chapters 14-28
|c William W. Pyle, Kermint D. Larson
|
| 250 |
|
|
|a 9th ed
|
| 260 |
2 |
|
|a Homewood, Ill. :
|b Richard D. Irwin ,
|c 1981
|
| 300 |
|
|
|a 184 p. ;
|c 28 cm.
|
| 650 |
|
0 |
|a Accounting
|
| 650 |
|
0 |
|a Business
|x Forms
|
| 700 |
0 |
|
|a Larson, Kermit D. ,
|e author
|
| 999 |
|
|
|a 1000015010
|b Book
|c Close Access
|e Gong Badak Campus
|
| 999 |
|
|
|a 1000015011
|b Book
|c OPEN SHELF (30 DAYS)
|e Gong Badak Campus
|